[Event "Oberliga Ost B 2017 2018"]
[Site "Germany"]
[Date "2017.12.10"]
[Round "4.1"]
[White "Strache, Michael"]
[Black "Mueller, Maximilian"]
[Result "1/2-1/2"]
[WhiteElo "2287"]
[BlackElo "2313"]
[PlyCount "148"]
[EventDate "2017.10.22"]
[EventType "team-tourn"]
[EventCountry "GER"]
[WhiteTeam "Sangerhausen SV"]
[BlackTeam "Gernsheim SK"]
[WhiteTeamCountry "GER"]
[BlackTeamCountry "GER"]

1. f4 d5 2. Nf3 g6 3. e3 Bg7 4. d4 Bg4 5. Bd3 c5 6. c3 Nc6 7. O-O cxd4 8. exd4
e6 9. Qb3 Qc7 10. Ne5 Bf5 11. Bxf5 gxf5 12. Be3 Nf6 13. Nd2 O-O 14. Kh1 Rab8
15. a4 a6 16. Nxc6 Qxc6 17. a5 Rfc8 18. Nf3 Qc4 19. Qd1 b5 20. axb6 Rxb6 21.
Bc1 Ne4 22. Ng5 f6 23. Nh3 Rc7 24. Nf2 Rb3 25. Nd3 Bf8 26. Rf3 Rg7 27. Kg1 Rb6
28. Bd2 Qc8 29. Qe2 Rb3 30. Be1 Qc4 31. Bh4 Rb6 32. Kh1 Rg4 33. Be1 Qb5 34. Re3
Rg7 35. b4 Bd6 36. g3 Ra7 37. Ra5 Qc4 38. Nc5 Bxc5 39. dxc5 Rc6 40. Kg2 Rd7 41.
Kf3 Re7 42. h3 h5 43. Ra1 Qxe2+ 44. Rxe2 Kf7 45. Rea2 Ra7 46. Ke3 e5 47. g4
hxg4 48. hxg4 Kg6 49. Rh2 Rd7 50. fxe5 fxg4 51. c4 Kf5 52. cxd5 Rxd5 53. exf6
Re6 54. Rh5+ Ng5+ 55. Kf2 Kg6 56. Rh8 Ne4+ 57. Kg2 Nxf6 58. Rc1 Rc6 59. Bc3 Rf5
60. Rch1 Re6 61. R1h6+ Kf7 62. Bxf6 Rexf6 63. Rxf6+ Rxf6 64. Kg3 Rg6 65. Rh7+
Ke6 66. c6 Kd5 67. c7 Rc6 68. Rg7 Kd6 69. Kxg4 Rxc7 70. Rg6+ Kd5 71. Rxa6 Rb7
72. Ra4 Kc4 73. Kf5 Rxb4 74. Rxb4+ Kxb4 1/2-1/2

[Event "Oberliga Ost B 2017 2018"]
[Site "Germany"]
[Date "2017.12.10"]
[Round "4.2"]
[White "Mazurek, Robert"]
[Black "Engelmann, Jakob"]
[Result "0-1"]
[WhiteElo "2152"]
[BlackElo "2259"]
[PlyCount "128"]
[EventDate "2017.10.22"]
[EventType "team-tourn"]
[EventCountry "GER"]
[WhiteTeam "Gernsheim SK"]
[BlackTeam "Sangerhausen SV"]
[WhiteTeamCountry "GER"]
[BlackTeamCountry "GER"]

1. d4 d6 2. Bf4 g6 3. e3 Bg7 4. Nf3 Nd7 5. Bc4 e6 6. O-O Ngf6 7. h3 O-O 8. Bh2
b6 9. Qe2 a6 10. a4 Bb7 11. Nc3 d5 12. Ba2 c5 13. a5 bxa5 14. Bd6 Re8 15. dxc5
Rc8 16. Bb3 Nxc5 17. Bxc5 Rxc5 18. Na4 Rc8 19. Rfd1 Qd6 20. Nc3 Rxc3 21. bxc3
Ne4 22. Qd3 Nxc3 23. Rf1 Qb4 24. Qd2 Bc6 25. Nd4 Bd7 26. Kh1 a4 27. Bxa4 Bxa4
28. Rxa4 Qxa4 29. Qxc3 Qd7 30. Qc6 Qxc6 31. Nxc6 Ra8 32. e4 dxe4 33. Re1 a5 34.
Rxe4 a4 35. Nb4 a3 36. Na2 Rc8 37. Re2 Rb8 38. Re3 Bf8 39. Rb3 Rxb3 40. cxb3
Kg7 41. Kg1 Kf6 42. Kf1 Ke5 43. Ke2 Kd4 44. Kd2 e5 45. Kc2 f5 46. Nc1 e4 47.
Ne2+ Kc5 48. h4 Bg7 49. Kb1 Kb4 50. Ka2 Be5 51. h5 gxh5 52. f4 exf3 53. gxf3 h4
54. f4 Bd6 55. Nc1 h3 56. Nd3+ Kc3 57. Nf2 h2 58. Nh1 h5 59. Nf2 h4 60. Nh1 Bc5
61. b4 Kxb4 62. Kb1 Kb3 63. Ka1 a2 64. Ng3 Bd4# 0-1

[Event "Oberliga Ost B 2017 2018"]
[Site "Germany"]
[Date "2017.12.10"]
[Round "4.3"]
[White "Hillmann, Michael"]
[Black "Peterson, Emery"]
[Result "1/2-1/2"]
[WhiteElo "2159"]
[BlackElo "2165"]
[PlyCount "165"]
[EventDate "2017.10.22"]
[EventType "team-tourn"]
[EventCountry "GER"]
[WhiteTeam "Sangerhausen SV"]
[BlackTeam "Gernsheim SK"]
[WhiteTeamCountry "GER"]
[BlackTeamCountry "GER"]

1. d4 e6 2. c4 d5 3. Nc3 f5 4. e3 Nf6 5. Bd3 c6 6. Nge2 Bd6 7. Qc2 Ne4 8. O-O
O-O 9. f3 Ng5 10. Bd2 Na6 11. a3 Nc7 12. e4 Bd7 13. cxd5 cxd5 14. e5 Be7 15.
Qb3 b5 16. Na2 a5 17. Rfc1 Qb8 18. Qd1 Qb6 19. b4 a4 20. Rc3 Rac8 21. Rac1 Qb7
22. R1c2 Na8 23. Qc1 Rxc3 24. Rxc3 Nf7 25. Qf1 Nb6 26. Rc2 Nc4 27. Bxc4 dxc4
28. Nac3 Nd8 29. Qf2 Nc6 30. Nd1 Bd8 31. f4 Bb6 32. Be3 Ne7 33. Ndc3 Bc6 34.
Rd2 h6 35. h4 Kh7 36. Qg3 Bd8 37. Qh3 g6 38. g3 Bf3 39. Qf1 Rg8 40. Nc1 Bc6 41.
N1e2 Rg7 42. Kf2 Kg8 43. Qh3 Qd7 44. Rd1 Ba8 45. Ke1 Nd5 46. Nxd5 Qxd5 47. Nc3
Qf3 48. Kd2 Rd7 49. Qf1 Bb6 50. Nxb5 Qc6 51. Nc3 Bxd4 52. Bxd4 Rxd4+ 53. Kc2
Qd7 54. Rxd4 Qxd4 55. Qd1 Qa7 56. Qd8+ Kh7 57. Qd6 Qf2+ 58. Qd2 Qa7 59. Ne2
Be4+ 60. Kc3 g5 61. hxg5 hxg5 62. Nd4 Qe7 63. fxg5 Kg6 64. Qf4 Bd5 65. g4 Qxg5
66. gxf5+ exf5 67. Qf2 f4 68. e6 Kf6 69. Kc2 Qg6+ 70. Kc1 Qg3 71. Qxg3 fxg3 72.
e7 g2 73. e8=N+ Ke7 74. Ne2 Kxe8 75. Kd2 Ke7 76. Kc3 Kf6 77. Kd4 Kg5 78. b5 Bb7
79. Kxc4 Kg4 80. Kd3 Kf3 81. Kd2 Kf2 82. Nf4 Be4 83. Nxg2 1/2-1/2

[Event "Oberliga Ost B 2017 2018"]
[Site "Germany"]
[Date "2017.12.10"]
[Round "4.4"]
[White "Hebbering, Tom Elliot"]
[Black "Hellwig, Tobias"]
[Result "1-0"]
[WhiteElo "2181"]
[BlackElo "2197"]
[PlyCount "97"]
[EventDate "2017.10.22"]
[EventType "team-tourn"]
[EventCountry "GER"]
[WhiteTeam "Gernsheim SK"]
[BlackTeam "Sangerhausen SV"]
[WhiteTeamCountry "GER"]
[BlackTeamCountry "GER"]

1. d4 Nf6 2. c4 c6 3. Nf3 d5 4. e3 g6 5. Be2 Bg7 6. O-O O-O 7. b3 a6 8. Bb2 b5
9. Nbd2 Qb6 10. c5 Qc7 11. b4 Bf5 12. a4 Nbd7 13. Nh4 Ne4 14. Nxf5 gxf5 15. f3
Nxd2 16. Qxd2 Nf6 17. Bd3 e6 18. Ra2 Rfd8 19. Rfa1 Rab8 20. Bc3 Qe7 21. axb5
axb5 22. Ra7 Rb7 23. Qa2 Bh6 24. Bd2 Kf8 25. Rxb7 Qxb7 26. Qa7 Qxa7 27. Rxa7
Rc8 28. Kf2 Ne8 29. h3 Rc7 30. Ra8 Ke7 31. g4 fxg4 32. hxg4 Nf6 33. Kg3 Kd7 34.
f4 Bg7 35. g5 Ne8 36. Bxh7 Rc8 37. Rxc8 Kxc8 38. Bg8 f6 39. Bxe6+ Kd8 40. Bf7
Nc7 41. Kg4 Ke7 42. g6 Bh6 43. f5 Bg5 44. Kf3 Bh6 45. Be1 Na6 46. e4 Nc7 47.
Bg3 Na6 48. Bd6+ Kd7 49. e5 1-0

[Event "Oberliga Ost B 2017 2018"]
[Site "Germany"]
[Date "2017.12.10"]
[Round "4.5"]
[White "Heyder, Florian"]
[Black "Nies, Peter"]
[Result "1/2-1/2"]
[WhiteElo "2174"]
[BlackElo "2087"]
[PlyCount "69"]
[EventDate "2017.10.22"]
[EventType "team-tourn"]
[EventCountry "GER"]
[WhiteTeam "Sangerhausen SV"]
[BlackTeam "Gernsheim SK"]
[WhiteTeamCountry "GER"]
[BlackTeamCountry "GER"]

1. e4 e6 2. d4 d5 3. Nc3 Nf6 4. Bg5 dxe4 5. Nxe4 Be7 6. Bxf6 Bxf6 7. Nf3 O-O 8.
Qd2 Bd7 9. Qf4 Bc6 10. O-O-O Bxe4 11. Qxe4 Qd5 12. Bd3 Qxe4 13. Bxe4 c6 14. h4
Nd7 15. Ng5 g6 16. f4 Rfd8 17. Nf3 Bg7 18. Ne5 Bh6 19. g3 Nxe5 20. dxe5 Bf8 21.
Rd3 Rxd3 22. Bxd3 Rd8 23. Kd2 Bc5 24. Ke2 h5 25. Kf3 Kg7 26. Rd1 Kf8 27. g4
hxg4+ 28. Kxg4 Ke7 29. Rh1 Rh8 30. Kf3 Ke8 31. Be2 Ke7 32. Ke4 Bf2 33. Kf3 Rxh4
34. Rxh4 Bxh4 35. Ke4 1/2-1/2

[Event "Oberliga Ost B 2017 2018"]
[Site "Germany"]
[Date "2017.12.10"]
[Round "4.6"]
[White "Rosenberger, Frank"]
[Black "Guenther, Christian"]
[Result "1/2-1/2"]
[WhiteElo "2110"]
[BlackElo "2137"]
[PlyCount "122"]
[EventDate "2017.10.22"]
[EventType "team-tourn"]
[EventCountry "GER"]
[WhiteTeam "Gernsheim SK"]
[BlackTeam "Sangerhausen SV"]
[WhiteTeamCountry "GER"]
[BlackTeamCountry "GER"]

1. e4 Nf6 2. e5 Nd5 3. Nc3 e6 4. d4 d6 5. Ne4 dxe5 6. dxe5 Nd7 7. Nf3 Be7 8. c4
Nb4 9. a3 Nc6 10. Bf4 Nc5 11. Qxd8+ Nxd8 12. Nc3 Nb3 13. Rd1 a6 14. Be2 b6 15.
Ne4 Bb7 16. Ned2 Nxd2 17. Bxd2 c5 18. O-O Nc6 19. Bc3 Rd8 20. Rxd8+ Kxd8 21.
Rd1+ Kc7 22. Ne1 h5 23. Nc2 h4 24. Bg4 Bg5 25. g3 hxg3 26. fxg3 g6 27. Rf1 Rh7
28. Rd1 Bh6 29. Rf1 Kd7 30. b4 Ke7 31. Bf3 Rh8 32. bxc5 bxc5 33. Rb1 Ba8 34.
Kg2 Kd7 35. Rb6 Kc7 36. Rxa6 Rb8 37. Ne1 Bb7 38. Ra4 Bg7 39. Nd3 Kb6 40. Kf2
Rd8 41. Ke3 Bh6+ 42. Ke2 Nd4+ 43. Bxd4 Bxf3+ 44. Kxf3 Rxd4 45. Nf2 Rd8 46. h3
Bg7 47. Ng4 Bf8 48. Kf2 Be7 49. Kf3 Rc8 50. Kf2 Bd8 51. Kf3 Bc7 52. h4 Kb7 53.
Kf4 f5 54. Nf6 Rd8 55. Kg5 Bxe5 56. Ra5 Bxg3 57. Rxc5 Rh8 58. Kxg6 Rxh4 59.
Rb5+ Kc6 60. Rb3 Bc7 61. Re3 Kd6 1/2-1/2

[Event "Oberliga Ost B 2017 2018"]
[Site "Germany"]
[Date "2017.12.10"]
[Round "4.7"]
[White "Duchrow, Oliver"]
[Black "Neumann, Martin"]
[Result "1-0"]
[WhiteElo "2039"]
[BlackElo "2049"]
[PlyCount "39"]
[EventDate "2017.10.22"]
[EventType "team-tourn"]
[EventCountry "GER"]
[WhiteTeam "Sangerhausen SV"]
[BlackTeam "Gernsheim SK"]
[WhiteTeamCountry "GER"]
[BlackTeamCountry "GER"]

1. e4 e5 2. Nf3 Nc6 3. Bb5 a6 4. Bxc6 dxc6 5. O-O Bg4 6. h3 Bh5 7. g4 Bg6 8.
Nxe5 Qh4 9. Qf3 Bd6 10. Nxg6 hxg6 11. Kg2 O-O-O 12. Rh1 f5 13. d4 fxe4 14. Qxe4
Rf8 15. Qe2 Nf6 16. Nd2 Nd5 17. Nf3 Rxf3 18. Qxf3 Rf8 19. Qe2 Bf4 20. c4 1-0

[Event "Oberliga Ost B 2017 2018"]
[Site "Germany"]
[Date "2017.12.10"]
[Round "4.8"]
[White "Peters, Ingo"]
[Black "Buerckner, Georg"]
[Result "1-0"]
[WhiteElo "2097"]
[BlackElo "2044"]
[PlyCount "53"]
[EventDate "2017.10.22"]
[EventType "team-tourn"]
[EventCountry "GER"]
[WhiteTeam "Gernsheim SK"]
[BlackTeam "Sangerhausen SV"]
[WhiteTeamCountry "GER"]
[BlackTeamCountry "GER"]

1. e4 e5 2. Nc3 Nc6 3. Bc4 Nf6 4. d3 d6 5. f4 Bg4 6. Nf3 exf4 7. Bxf4 Be7 8.
O-O Na5 9. Bb3 Nxb3 10. axb3 O-O 11. h3 Bh5 12. Qd2 Nd7 13. Nd5 f5 14. Nd4 Bf7
15. Nxe7+ Qxe7 16. Nxf5 Qf6 17. d4 Qe6 18. Rae1 Nf6 19. d5 Qd7 20. Nxg7 Bg6 21.
Ne6 Nxe4 22. Nxf8 Rxf8 23. Qd4 Re8 24. Bh6 Qe7 25. Rf4 Qe5 26. Rexe4 Bxe4 27.
Rxe4 1-0

[Event "Oberliga Ost B 2017 2018"]
[Site "Germany"]
[Date "2017.12.10"]
[Round "4.1"]
[White "Kuenstler, Christian"]
[Black "Matviishen, Viktor"]
[Result "1/2-1/2"]
[WhiteElo "2274"]
[BlackElo "2433"]
[PlyCount "97"]
[EventDate "2017.10.22"]
[EventType "team-tourn"]
[EventCountry "GER"]
[WhiteTeam "Neuberg SF"]
[BlackTeam "Kasseler SK"]
[WhiteTeamCountry "GER"]
[BlackTeamCountry "GER"]

1. d4 Nf6 2. Bf4 e6 3. e3 b6 4. Nf3 Bb7 5. Nbd2 Be7 6. h3 O-O 7. Bd3 c5 8. c3
d5 9. O-O Nbd7 10. a4 a6 11. Qb1 h6 12. b4 cxb4 13. cxb4 Rc8 14. b5 a5 15. Qb2
Bb4 16. Rac1 Qe7 17. Rxc8 Rxc8 18. Rc1 Qd8 19. Ne5 Nxe5 20. Bxe5 Kf8 21. f3 Ne8
22. Kf2 Nd6 23. Ke2 Rxc1 24. Qxc1 Qe7 25. Qb2 Ke8 26. Bf4 Kd8 27. Qc2 g5 28.
Bg3 f6 29. e4 f5 30. e5 Ne8 31. Bf2 f4 32. Bg6 Ng7 33. Nb3 Ba3 34. Nd2 Qb4 35.
Qb3 Qf8 36. Qc2 Qb4 37. Qb3 Qe7 38. Qc2 Bc8 39. Qc6 Qa7 40. Qc2 Bd7 41. Kf1 Qc7
42. Qxc7+ Kxc7 43. Ke2 Be8 44. Bd3 Bb4 45. Nb3 Nf5 46. Bxf5 exf5 47. Be1 Be7
48. Bd2 Kd7 49. Nc1 1/2-1/2

[Event "Oberliga Ost B 2017 2018"]
[Site "Germany"]
[Date "2017.12.10"]
[Round "4.2"]
[White "Grafl, Florian"]
[Black "Sergin, Mark"]
[Result "1-0"]
[WhiteElo "2364"]
[BlackElo "2192"]
[PlyCount "51"]
[EventDate "2017.10.22"]
[EventType "team-tourn"]
[EventCountry "GER"]
[WhiteTeam "Kasseler SK"]
[BlackTeam "Neuberg SF"]
[WhiteTeamCountry "GER"]
[BlackTeamCountry "GER"]

1. Nf3 c5 2. Nc3 e6 3. d4 cxd4 4. Nxd4 Nc6 5. Ndb5 a6 6. Nd6+ Bxd6 7. Qxd6 Qe7
8. Qg3 Nf6 9. Qxg7 Rg8 10. Qh6 Rg6 11. Qd2 d5 12. e3 b5 13. f3 e5 14. a4 b4 15.
Ne2 b3 16. c3 Na5 17. Ng3 h5 18. e4 dxe4 19. fxe4 h4 20. Nf5 Bxf5 21. exf5 Rg4
22. Be2 Rd8 23. Qh6 Rxg2 24. Bg5 Qc5 25. Qh8+ Kd7 26. O-O-O+ 1-0

[Event "Oberliga Ost B 2017 2018"]
[Site "Germany"]
[Date "2017.12.10"]
[Round "4.3"]
[White "Lutz, Klaus Juergen"]
[Black "Hahn, Markus"]
[Result "1/2-1/2"]
[WhiteElo "2258"]
[BlackElo "2281"]
[PlyCount "87"]
[EventDate "2017.10.22"]
[EventType "team-tourn"]
[EventCountry "GER"]
[WhiteTeam "Neuberg SF"]
[BlackTeam "Kasseler SK"]
[WhiteTeamCountry "GER"]
[BlackTeamCountry "GER"]

1. e4 c5 2. a3 g6 3. h4 h5 4. Nc3 Nc6 5. Bc4 Bg7 6. Nh3 e6 7. Nf4 Nge7 8. Rb1
O-O 9. b4 d5 10. exd5 exd5 11. Ncxd5 Nxd5 12. Bxd5 Re8+ 13. Kf1 Be5 14. d3 Nd4
15. Be4 Bg4 16. f3 Bd7 17. bxc5 Ba4 18. Rxb7 Rc8 19. Qd2 Re7 20. Rxe7 Qxe7 21.
Nd5 Qxc5 22. c3 f5 23. Qg5 fxe4 24. Qxe5 exf3 25. Be3 fxg2+ 26. Kxg2 Bc6 27. c4
Bxd5+ 28. cxd5 Qc2+ 29. Kh3 Qe2 30. Qg3 Qxd3 31. Bxd4 Qf5+ 32. Kg2 Qxd5+ 33.
Kh2 Qxd4 34. Qxg6+ Qg7 35. Qe6+ Kh7 36. Qf5+ Qg6 37. Qd7+ Qg7 38. Qf5+ Qg6 39.
Qxc8 Qd6+ 40. Kg2 Qd2+ 41. Kf3 Qd3+ 42. Kf4 Qd4+ 43. Kf3 Qd3+ 44. Kf4 1/2-1/2

[Event "Oberliga Ost B 2017 2018"]
[Site "Germany"]
[Date "2017.12.10"]
[Round "4.4"]
[White "Kearns, Christopher"]
[Black "Seifert, Christopher"]
[Result "0-1"]
[WhiteElo "2209"]
[BlackElo "2290"]
[PlyCount "66"]
[EventDate "2017.10.22"]
[EventType "team-tourn"]
[EventCountry "GER"]
[WhiteTeam "Kasseler SK"]
[BlackTeam "Neuberg SF"]
[WhiteTeamCountry "GER"]
[BlackTeamCountry "GER"]

1. e4 c5 2. Nf3 Nc6 3. d4 cxd4 4. Nxd4 Nf6 5. Nc3 e6 6. Ndb5 Bb4 7. a3 Bxc3+ 8.
Nxc3 d5 9. exd5 exd5 10. Bd3 O-O 11. O-O d4 12. Ne2 Bg4 13. f3 Bh5 14. Nf4 Bg6
15. Nxg6 hxg6 16. Bg5 Qb6 17. Bxf6 gxf6 18. f4 Kg7 19. Qg4 Rae8 20. b4 Rh8 21.
Rae1 Re3 22. b5 Ne7 23. f5 g5 24. g3 Nd5 25. h4 Qd6 26. Kf2 Rxh4 27. gxh4 Qh2+
28. Qg2 Qxh4+ 29. Kg1 Rg3 30. Be4 Ne3 31. Rxe3 dxe3 32. Bd3 g4 33. Be2 Rxg2+
0-1

[Event "Oberliga Ost B 2017 2018"]
[Site "Germany"]
[Date "2017.12.10"]
[Round "4.5"]
[White "Overbeck, Thorsten"]
[Black "Dovzik, Juri"]
[Result "1/2-1/2"]
[WhiteElo "2306"]
[BlackElo "2304"]
[PlyCount "114"]
[EventDate "2017.10.22"]
[EventType "team-tourn"]
[EventCountry "GER"]
[WhiteTeam "Neuberg SF"]
[BlackTeam "Kasseler SK"]
[WhiteTeamCountry "GER"]
[BlackTeamCountry "GER"]

1. d4 d5 2. c4 c6 3. Nf3 Nf6 4. e3 g6 5. Nc3 Bg7 6. cxd5 cxd5 7. Bb5+ Nbd7 8.
Qb3 e6 9. O-O O-O 10. Bd2 Ne4 11. Nxe4 dxe4 12. Ne1 a6 13. Be2 Nf6 14. Nc2 Bd7
15. a4 b5 16. axb5 axb5 17. Rxa8 Qxa8 18. Ra1 Qb7 19. Ra5 Rb8 20. Nb4 Ra8 21.
Qa2 Rxa5 22. Qxa5 Bf8 23. Qd8 Kg7 24. f3 Be8 25. Bc3 Be7 26. Qa5 Nd5 27. Nxd5
Qxd5 28. Kf2 Bf6 29. Qb4 h5 30. Bd1 h4 31. Qb3 Qf5 32. Qc2 Bc6 33. Bb4 Qd5 34.
fxe4 Qxe4 35. Qxe4 Bxe4 36. Bf3 Bd3 37. Bd6 Bd8 38. e4 Bb6 39. Ke3 Bf1 40. h3
f6 41. Bc5 Bd8 42. d5 Kf7 43. b3 exd5 44. exd5 f5 45. Bd4 Be7 46. Be5 Bc5+ 47.
Kf4 Bd3 48. d6 Ke6 49. Bb2 Bxd6+ 50. Kg5 Bc2 51. Be2 Bxb3 52. Bxb5 Bd5 53. Bf1
Kf7 54. Kxh4 Bf4 55. g4 Bf3 56. Bc4+ Kf8 57. Bf6 fxg4 1/2-1/2

[Event "Oberliga Ost B 2017 2018"]
[Site "Germany"]
[Date "2017.12.10"]
[Round "4.6"]
[White "Bunda, Viktor"]
[Black "Koller, Jens"]
[Result "1/2-1/2"]
[WhiteElo "2305"]
[BlackElo "2199"]
[PlyCount "45"]
[EventDate "2017.10.22"]
[EventType "team-tourn"]
[EventCountry "GER"]
[WhiteTeam "Kasseler SK"]
[BlackTeam "Neuberg SF"]
[WhiteTeamCountry "GER"]
[BlackTeamCountry "GER"]

1. d4 Nf6 2. c4 g6 3. Nc3 Bg7 4. e4 d6 5. Be2 O-O 6. Be3 e5 7. d5 Na6 8. g4 Nc5
9. f3 a5 10. h4 Ne8 11. h5 Bf6 12. Nh3 Bh4+ 13. Bf2 f5 14. Bxh4 Qxh4+ 15. Nf2
Qg3 16. hxg6 fxe4 17. Qd2 Rf4 18. gxh7+ Kh8 19. Rh3 Qg1+ 20. Bf1 exf3 21. Rh1
Qg3 22. Rh3 Qg1 23. Rh1 1/2-1/2

[Event "Oberliga Ost B 2017 2018"]
[Site "Germany"]
[Date "2017.12.10"]
[Round "4.7"]
[White "Schaffer, Hendrik"]
[Black "Kersten, Uwe"]
[Result "1-0"]
[WhiteElo "2236"]
[BlackElo "2245"]
[PlyCount "153"]
[EventDate "2017.10.22"]
[EventType "team-tourn"]
[EventCountry "GER"]
[WhiteTeam "Neuberg SF"]
[BlackTeam "Kasseler SK"]
[WhiteTeamCountry "GER"]
[BlackTeamCountry "GER"]

1. d4 Nf6 2. c4 c5 3. d5 b5 4. cxb5 a6 5. bxa6 g6 6. Nc3 Bg7 7. g3 O-O 8. Bg2
d6 9. Nf3 Nbd7 10. O-O Nb6 11. Ne1 Nfd7 12. Nc2 Nc4 13. Ne3 Ndb6 14. Nxc4 Nxc4
15. Qc2 Bxa6 16. Bd2 Qa5 17. Rfb1 Nxd2 18. Qxd2 Rfb8 19. Rc1 Ra7 20. Bf3 Rab7
21. Rc2 Be5 22. Kg2 Kg7 23. Rac1 c4 24. e4 Rb4 25. Be2 Qb6 26. Rb1 Qa5 27. f4
Bf6 28. Qe3 Qb6 29. Qxb6 R8xb6 30. a3 Rb3 31. Na4 Rb8 32. Bxc4 Bxc4 33. Rxc4
Rxa3 34. bxa3 Rxb1 35. Rb4 Ra1 36. Rb3 Bd4 37. Rd3 Ra2+ 38. Kh1 Ra1+ 39. Kg2
Ra2+ 40. Kf1 Ba1 41. h4 f5 42. exf5 gxf5 43. Nb6 Kf7 44. Nc4 Bg7 45. Ke1 Bf8
46. Ne3 e6 47. Kd1 Bg7 48. Kc1 Bb2+ 49. Kc2 Rxa3 50. Nc4 Rxd3 51. Kxd3 Bf6 52.
Nxd6+ Ke7 53. Nc8+ Kd7 54. Nb6+ Kc7 55. Nc4 Kd7 56. dxe6+ Kxe6 57. h5 Be7 58.
Ke3 Bc5+ 59. Kf3 Kf6 60. g4 fxg4+ 61. Kxg4 h6 62. Nd2 Bd4 63. Kf3 Bb2 64. Ke4
Bc3 65. Nc4 Bb4 66. Nb6 Ba3 67. Nd7+ Ke6 68. Ne5 Be7 69. Ng4 Bf8 70. f5+ Kf7
71. Ke5 Bg7+ 72. f6 Bf8 73. Kf5 Kg8 74. Kg6 Kh8 75. Nxh6 Ba3 76. Nf7+ Kg8 77.
h6 1-0

[Event "Oberliga Ost B 2017 2018"]
[Site "Germany"]
[Date "2017.12.10"]
[Round "4.8"]
[White "Warnecke, Tobias"]
[Black "Bethke, Richard"]
[Result "1-0"]
[WhiteElo "2140"]
[BlackElo "2063"]
[PlyCount "57"]
[EventDate "2017.10.22"]
[EventType "team-tourn"]
[EventCountry "GER"]
[WhiteTeam "Kasseler SK"]
[BlackTeam "Neuberg SF"]
[WhiteTeamCountry "GER"]
[BlackTeamCountry "GER"]

1. e4 c5 2. Nc3 Nc6 3. Bb5 Nd4 4. Bc4 e6 5. Nge2 Ne7 6. O-O g6 7. d3 Bg7 8. Nf4
O-O 9. h4 Nec6 10. h5 Ne5 11. Nce2 Nxc4 12. dxc4 b6 13. c3 Nc6 14. b3 g5 15.
Nh3 h6 16. Qd3 f5 17. f4 g4 18. Nf2 Qh4 19. Ng3 Nb4 20. cxb4 Bxa1 21. exf5 exf5
22. Nxf5 Rxf5 23. Qxf5 g3 24. Qg6+ Kf8 25. Qxh6+ Kg8 26. Qg6+ Kh8 27. Qe8+ Kg7
28. Nh3 Bd4+ 29. Be3 1-0

[Event "Oberliga Ost B 2017 2018"]
[Site "Germany"]
[Date "2017.12.10"]
[Round "4.1"]
[White "Kuznecovs, Nikita"]
[Black "Henrich, Thomas"]
[Result "0-1"]
[WhiteElo "2130"]
[BlackElo "2310"]
[PlyCount "130"]
[EventDate "2017.10.22"]
[EventType "team-tourn"]
[EventCountry "GER"]
[WhiteTeam "Stadtilm SG BW"]
[BlackTeam "Marburg SK"]
[WhiteTeamCountry "GER"]
[BlackTeamCountry "GER"]

1. d4 Nf6 2. Bf4 c5 3. d5 d6 4. Nc3 a6 5. a4 g6 6. e4 Bg7 7. Nf3 Qa5 8. Bd2 O-O
9. Bd3 Qc7 10. O-O Nbd7 11. Re1 b6 12. h3 Bb7 13. Bf4 Ne5 14. Bf1 Nfd7 15. Nd2
f5 16. exf5 gxf5 17. Bg5 Rae8 18. f4 Ng6 19. Nf3 Rf7 20. h4 Nf6 21. Bc4 h6 22.
Bxf6 Bxf6 23. g3 Rg7 24. Kh2 Nf8 25. Qd3 Qc8 26. Re2 Kh8 27. Rae1 Nh7 28. Nd1
Reg8 29. Rg1 Qe8 30. Bxa6 Bxa6 31. Qxa6 Qh5 32. Qd3 Bd4 33. Nxd4 cxd4 34. Rgg2
Nf6 35. Qxd4 Rxg3 36. Rxg3 Qxe2+ 37. Nf2 Rc8 38. Rc3 Rc5 39. Kg2 Rxd5 40. Qc4
Qe6 41. Qc8+ Qxc8 42. Rxc8+ Kg7 43. Nd3 Rd4 44. b3 Nd5 45. Kf3 Re4 46. h5 Re3+
47. Kf2 Re4 48. Kf3 Re3+ 49. Kf2 Rh3 50. Kg2 Rh4 51. Kg3 Rh1 52. Rc4 Kf7 53.
Nb4 Nf6 54. Rc6 Nxh5+ 55. Kf3 Nxf4 56. Rxb6 Rf1+ 57. Ke3 Ng6 58. Nd3 Ra1 59.
Rb5 e5 60. a5 Ke6 61. b4 Ra3 62. Ke2 e4 63. Nf2 Nf4+ 64. Ke1 e3 65. Nd1 e2 0-1

[Event "Oberliga Ost B 2017 2018"]
[Site "Germany"]
[Date "2017.12.10"]
[Round "4.2"]
[White "Alber, Horst"]
[Black "Siebarth, Raiko"]
[Result "1-0"]
[WhiteElo "2296"]
[BlackElo "2288"]
[PlyCount "65"]
[EventDate "2017.10.22"]
[EventType "team-tourn"]
[EventCountry "GER"]
[WhiteTeam "Marburg SK"]
[BlackTeam "Stadtilm SG BW"]
[WhiteTeamCountry "GER"]
[BlackTeamCountry "GER"]

1. d4 Nf6 2. c4 g6 3. Nc3 Bg7 4. e4 d6 5. Nf3 O-O 6. Be2 e5 7. O-O Nc6 8. d5
Ne7 9. Ne1 Ne8 10. Nd3 f5 11. Bd2 h5 12. f4 fxe4 13. Nxe4 Bf5 14. Ng5 e4 15.
Nf2 Bxb2 16. Nfxe4 Bxe4 17. Nxe4 Nf5 18. Rb1 Bd4+ 19. Kh1 b6 20. Bd3 Nf6 21.
Ng5 Ng4 22. Qf3 Qf6 23. Rbe1 Ng7 24. h3 Nh6 25. Ne6 Ngf5 26. Nxd4 Nxd4 27. Qf2
Ndf5 28. Re6 Qg7 29. Rfe1 Rf7 30. Bc1 Raf8 31. Bb2 Qh7 32. Kg1 Re7 33. Rxg6+
1-0

[Event "Oberliga Ost B 2017 2018"]
[Site "Germany"]
[Date "2017.12.10"]
[Round "4.3"]
[White "Schneider, Christian"]
[Black "Dorst, Johannes"]
[Result "1/2-1/2"]
[WhiteElo "2215"]
[BlackElo "2207"]
[PlyCount "101"]
[EventDate "2017.10.22"]
[EventType "team-tourn"]
[EventCountry "GER"]
[WhiteTeam "Stadtilm SG BW"]
[BlackTeam "Marburg SK"]
[WhiteTeamCountry "GER"]
[BlackTeamCountry "GER"]

1. e4 c5 2. Nc3 e6 3. g3 Nc6 4. Bg2 Nf6 5. d3 Be7 6. Nge2 O-O 7. O-O d6 8. h3
Bd7 9. Be3 Rb8 10. g4 b5 11. Ng3 Ne8 12. Nce2 Nc7 13. f4 d5 14. Kh1 d4 15. Bg1
e5 16. fxe5 Nxe5 17. b4 Be6 18. bxc5 Bxc5 19. c3 Nc6 20. Nf5 Bxf5 21. exf5 Qd7
22. f6 g6 23. Qc1 Ne6 24. Nf4 Ncd8 25. Nxe6 Nxe6 26. cxd4 Bxd4 27. Bxd4 Qxd4
28. Qh6 Rbc8 29. Rae1 Rc7 30. Be4 Rfc8 31. Rf5 Rc2 32. Rh5 Qxf6 33. Qxh7+ Kf8
34. Qh8+ Qxh8 35. Rxh8+ Kg7 36. Rxc8 Rxc8 37. Rb1 Rc5 38. h4 f5 39. gxf5 gxf5
40. Bg2 a5 41. Kh2 b4 42. Kg3 Rc3 43. Rd1 Nc5 44. Kf4 Rxd3 45. Rxd3 Nxd3+ 46.
Kxf5 Nc1 47. Bd5 a4 48. Ke4 a3 49. Kd4 b3 50. Bxb3 Nxb3+ 51. Kc3 1/2-1/2

[Event "Oberliga Ost B 2017 2018"]
[Site "Germany"]
[Date "2017.12.10"]
[Round "4.4"]
[White "Rolle, Eric"]
[Black "Mehlhorn, Uwe"]
[Result "0-1"]
[WhiteElo "2196"]
[BlackElo "2153"]
[PlyCount "128"]
[EventDate "2017.10.22"]
[EventType "team-tourn"]
[EventCountry "GER"]
[WhiteTeam "Marburg SK"]
[BlackTeam "Stadtilm SG BW"]
[WhiteTeamCountry "GER"]
[BlackTeamCountry "GER"]

1. Nf3 g6 2. e4 d6 3. d4 Nf6 4. Nc3 Bg7 5. h3 a6 6. a4 b6 7. Bc4 e6 8. Qe2 Bb7
9. Ba2 h6 10. O-O Nfd7 11. Be3 O-O 12. Rad1 Kh7 13. Ne1 b5 14. Nd3 Qe7 15. axb5
axb5 16. Bb3 Na6 17. f3 b4 18. Na4 Rfc8 19. Qd2 d5 20. exd5 Bxd5 21. Nf4 Bxb3
22. cxb3 Rd8 23. Qf2 Nf6 24. Nc5 Nxc5 25. dxc5 e5 26. Nd3 Nd5 27. Bd2 e4 28.
fxe4 Qxe4 29. Qf3 f5 30. Kh1 Nf6 31. Bf4 Nd5 32. Bd2 Re8 33. Rfe1 Qxf3 34. gxf3
Rxe1+ 35. Rxe1 Ra2 36. Rb1 Ra5 37. Rc1 c6 38. Rc2 g5 39. Bxb4 Rb5 40. Rc4 Ne3
41. Rc1 Bxb2 42. Rb1 Bd4 43. Bd2 Nd5 44. b4 Rb7 45. f4 Kg6 46. Re1 Kf6 47. Kg2
Ra7 48. Nc1 Ra3 49. fxg5+ hxg5 50. Re8 f4 51. Rf8+ Kg7 52. Rd8 f3+ 53. Kf1 Ne3+
54. Ke1 Nf5 55. Rxd4 Nxd4 56. Bxg5 Nc2+ 57. Kf2 Nxb4 58. Be3 Nc2 59. Bd2 Kg6
60. Kg3 Kh5 61. Bf4 Nd4 62. Be5 Ne2+ 63. Nxe2 fxe2+ 64. Kf2 e1=Q+ 0-1